000 00666nam a2200265Ia 4500
005 20260324152757.0
008 008 260324s9999 xx 000 0 eng d
020 _a9781845699673
037 _aEBOOK
040 _aCRL
040 _beng
040 _cCRL
041 _2eng
041 _aeng
084 _qCRL
100 _aSoneda, N
_91229723
245 0 _aIrradiation Embrittlement Of Reactor Pressure Vessels (RPVS) In Nuclear Power Plants
260 _bElsevier
260 _c2014
650 _aEnergy
856 _uhttps://www.sciencedirect.com/science/book/9781845699673
942 _cEBOOK
999 _c1840591
_d1840591